000 01051nas a2200349 4500
001 BR2013001393
003 BR-BrBNA
005 20231205121941.0
007 ta
008 230509b bl.|||p| |||| 00| 00por d
040 _aBR-BrBNA
_bpor
_cBiblioteca Nacional de Agricultura
041 _a(Pt)
072 _aL02; L01
100 1 _aRestle, J.
100 1 _aMissio, R.L.
100 1 _aResende, P.L.P.
100 1 _aSilva, N.L.Q.
100 1 _aVaz, F.N.
100 1 _aBrondani, I.L.
100 1 _aAlves Filho, D.C.
100 1 _aKuss, F.
245 1 _aSilagem de híbridos de sorgo associado a percentagens de concentrado no desempenho de novilhos
650 _aGADO DE CORTE
650 _aCONFINAMENTO
650 _aGANHO DE PESO
650 _aSORGO FORRAGEIRO
650 _aSILAGEM
650 _aRENDIMENTO
773 0 _tArquivo Brasileiro de Medicina Veterinária e Zootecnia (Brazil)
_xISSN 0102-0935
_g(Oct 2012), v. 64(5) p. 1239-1245
_wBR2013001393
909 _a202311
_bLúcia
_c55
_dLúcia Elande
942 _2AGRIS
_n0
_cANA
999 _c226100
_d226100